logo

Bir Sreshtho Munshi Abdur Rouf Library
Jhenaidah Cadet College

The Human Web : (Record no. 13686)

MARC details
000 -LEADER
fixed length control field 00684nam a2200229 a 4500
001 - CONTROL NUMBER
JCCL Control Number 13686
003 - CONTROL NUMBER IDENTIFIER
JCCL marc code BD-JhCC
005 - DATE AND TIME OF LATEST TRANSACTION
control field 20240313211154.0
008 - FIXED-LENGTH DATA ELEMENTS--GENERAL INFORMATION
fixed length control field 240313b2003 nyu |||| ||a| 001 0 eng d
020 ## - INTERNATIONAL STANDARD BOOK NUMBER
International Standard Book Number 9780393051797
035 ## - SYSTEM CONTROL NUMBER
system control number (BD-JhCC)13686
040 ## - CATALOGING SOURCE
Original cataloging agency BD-JhCC
Modifying agency BD-JhCC
041 ## - LANGUAGE CODE
Language code of Book english
082 ## - DEWEY DECIMAL CLASSIFICATION NUMBER
Classification number 909
Author mark and Year MCN 2003
100 ## - MAIN ENTRY--PERSONAL NAME
Personal name McNeill ,John Robert
245 ## - TITLE STATEMENT
Title The Human Web :
Remainder of title A bird's-eye view of world history /
Statement of responsibility, etc John Robert McNeill ,William Hardy McNeill
260 ## - PUBLICATION, DISTRIBUTION, ETC. (IMPRINT)
Place of publication, distribution, etc London:
Name of publisher, distributor, etc Norton,;
Date of publication, distribution, etc 2003.
300 ## - PHYSICAL DESCRIPTION
Pagination 350 p, :
Other physical details ill;
Dimensions 22 cm
650 ## - SUBJECT ADDED ENTRY--TOPICAL TERM
Topical term or geographic name as entry element Culturen
General subdivision Histoire universelle
Geographic subdivision World history
700 ## - ADDED ENTRY--PERSONAL NAME
Personal name McNeill,William Hardy
942 ## - ADDED ENTRY ELEMENTS (KOHA)
Source of classification or shelving scheme Dewey Decimal Classification
Koha item type Books
Holdings
Source of classification or shelving scheme Damaged status Not for loan Home library Current library Shelving location Date of accession Cost, normal purchase price Total Checkouts Full call number Barcode Date last seen Date checked out Copy number Method of acquisition Koha item type Currency
Dewey Decimal Classification     JCC Rouf Library JCC Rouf Library General Stacks   430.00 3 909 MCN 2003 19141 12/18/2025 11/17/2025 C-1 Purchase Books BDT

JCC Library | Contacts | JCC Home

Last Update on 23 September 2017
Copyright @ 2017-2020 JCC Rouf Library
Rouf Library, Jhenidah Cadet College (JCC), Bangladesh